مكتبة جامعة عجلون الوطنية

فهرس بحث المكتبة

Normal view MARC view
  • الواقعية في الأدب - الأدب الروسي - تاريخ ونقد - الأدباء الروس - تراجم

Entry Topical Term

Number of records used in: 1

001 - CONTROL NUMBER

  • control field: 52916

003 - CONTROL NUMBER IDENTIFIER

  • control field: JO-AjAnu

005 - DATE AND TIME OF LATEST TRANSACTION

  • control field: 20230606082708.0

008 - FIXED-LENGTH DATA ELEMENTS

  • fixed length control field: 230606|| aca||aabn | a|a d

040 ## - CATALOGING SOURCE

  • Original cataloging agency: JO-AjAnu
  • Transcribing agency: JO-AjAnu

150 ## - HEADING--TOPICAL TERM

  • Topical term or geographic name entry element: الواقعية في الأدب - الأدب الروسي - تاريخ ونقد - الأدباء الروس - تراجم

670 ## - SOURCE DATA FOUND

  • Source citation: Work cat.: (JO-AjAnu)27036: تأليف لافرتسكي. أ ؛ ترجمة جميل ناصيف ؛ مراجعة حياة شرارة, author 52915, في سبيل الواقعية: بيلنيسكي و تشير نيشيفسكي و دوبرليوبوف